Marvel Black Panther Quiz - Statistics

General Stats
  • This quiz has been taken 46 times
    25 since last reset
  • The average score is 7 of 11
Answer Stats
Hint Answer % Correct
Where does Black Panther live? Wakanda
100%
Who is Black Panther's sister? Shuri
95%
What is Black Panther's real name? T'Challa
95%
What is the precious metal that is only in Wakanda Vibranium
95%
Who is Black Panther's cousin? N'Jadaka
86%
Who is Killmongers enemy? Klaue/Black Panther
73%
Who is the general of Wakanda? Okoye
73%
Who is Black Panther's father? T'Chaka
73%
What is the Plant that Wakandans Use to Make T'Challa Stronger? Heart-Shaped Herb
32%
How did Black Panthers Father Die? Bombs
0%
Where do the Wakandans Keep Their Signs of Royalty? Under Their Lips
0%
No matching quizzes found
Score Distribution
Percent of People with Each Score
Percentile by Number Answered
Your Score History
You have not taken this quiz since the last reset